000 01524nam a2200409 c 4500
001 58560
003 CO-BoRNBP
005 20250826211618.0
007 ta
008 210826s20152017ck er 000 0dspa d
020 _a9789588461885
040 _aCO-BoRNBP
_bspa
_erda
_cCO-BoRNBP
041 0 _aspa
043 _as-ck---
082 0 4 _a303.66
_bA77m
_222
100 _aArteta Dávila, Yezid
_eaut
_963503
245 1 3 _aLa mala reputación :
_b¿izquierda para existir o para ganar? /
_cYezid Arteta Dávila.
250 _a1a. edición
264 1 _aBogotá, Colombia :
_bIcono Editorial,
_c2017
300 _a135 páginas
336 _atexto
_btxt
_2rdacontent
337 _asin mediación
_bn
_2rdamedia
338 _avolumen
_bnc
_2rdacarrier
490 0 _aAcademia
500 _aEl material correspondiente a la dotación PNLB 2022, corresponde a la edición de 2017
521 _aRecomendado para un público adulto
545 _aIncluye datos biográficos del autor en la solapa
650 0 7 _aGuerillas
_vEnsayos, conferencias, etc.
_zColombia
_2lemb
_963504
650 0 7 _aPacifismo
_vEnsayos, conferencias, etc.
_zColombia
_2lemb
_963505
650 0 7 _aPartidos políticos
_vEnsayos, conferencias, etc.
_2LEMB
_963506
650 0 7 _aConflicto Armado
_vEnsayos, conferencias, etc.
_2LEMB
_963507
655 _aEnsayos, conferencias, etc.
_962990
655 _aEnsayos, conferencias, etc.
_962990
655 _aEnsayos, conferencias, etc.
_962990
655 _aEnsayos, conferencias, etc.
_962990
942 _2ddc
_cBK
999 _c58560
_d58560